| 000 | 00653nam a2200241Ia 4500 | ||
|---|---|---|---|
| 003 | OSt | ||
| 005 | 20220918165639.0 | ||
| 006 | a|||||r|||| 00| 0 | ||
| 007 | ta | ||
| 008 | 220917b |||||||| |||| 00| 0 eng d | ||
| 020 | _a8170209951 (hbk) | ||
| 024 | _a158,059 | ||
| 037 | _cTextual | ||
| 040 |
_aARTS _cARTS _beng |
||
| 041 |
_2eng _aeng |
||
| 082 | _a/\30j4, P0 (SC) | ||
| 245 | 0 | _aMysticism in Jainism and Buddhism edited by Sadhu Santideva | |
| 260 |
_aNew Delhi _bCosmo Publications _c2000 |
||
| 300 |
_avii, 294p. _ccm. |
||
| 650 | _aSPIRITUALISM | ||
| 942 |
_h/\30j4, P0 (SC) _cTEXL _2CC |
||
| 999 |
_c130608 _d130608 |
||